Çuvaş Alp hikayeleri : (Record no. 15745)

MARC details
000 -BAŞLIK
Sabit Uzunlukta Kontrol Alanı 00985nam a22002537a 4500
999 ## - SİSTEM KONTROL NUMARALARI (KOHA)
Koha Biblionumber 15745
Koha Biblioitemnumber 15745
003 - KONTROL NUMARASI IDENTIFIER
Denetim Alanı MIRAKIL
005 - SON İŞLEM TARİHİ VE ZAMANI
Denetim Alanı 20240322115506.0
008 - SABİT-BOY VERİ ELEMANLARI - GENEL BİLGİLER
Sabit Uzunlukta Kontrol Alanı 240322b tu ||||| |||| 00| 0 tur d
020 ## - ULUSLARARASI STANDART KİTAP NUMARASI
Uluslararası Standart Kitap Numarası 9789751621580
040 ## - KATALOGLAMA KAYNAK
Orijinal Kataloglama Ajansı TR-AnCHP
Metne Dönüştürmek Ajansı TR-AnCHP
041 ## - DİL KODU
Metin / Ses Parça Veya Ayrı Başlığın Dil Kodu tur
082 ## - DEWEY ONLU SINIFLANDIRMA NUMARASI
Sınıflandırma Numarası 398.2
Ürün Numarası Ç88 2020
245 10 - BAŞLIK TABLOSU
Başlık Çuvaş Alp hikayeleri :
Başlığın Kalan (ulip halapisem)/
Sorumluluk Tablosu, Vb hazırlayan: Feyzi Ersoy.
250 ## - EDITION TABLOSU
Baskı Beyanı İkinci baskı: Ankara, 2020 Ağustos
260 ## - YAYIN, DAĞITIM, VB
Yayın, Dağıtım, Vb Yeri Ankara :
Yayıncı, Dağıtıcı, Vs Adı Türk Dil Kurumu (TDK),
Yayın, Dağıtım, Vb Tarihi 2020.
300 ## - FİZİKSEL TANIM
Kapsam 183 sayfa ;
Boyutlar 24 cm.
490 0# - SERİSİ TABLOSU
Seri Beyanı Atatürk Kültür, Dil ve Tarih Yüksek Kurumu Türk Dil Kurumu yayınları ;
Hacim / Ardışık Tanımı 968.
490 0# - SERİSİ TABLOSU
Seri Beyanı Türk dünyası destanlarının tespiti, Türkiye Türkçesine aktarılması ve yayımlanması projesi ;
Hacim / Ardışık Tanımı 32
500 ## - GENEL NOT
Genel Not Çuvaşça metin içerir.<br/>
504 ## - KAYNAKÇA VB NOT
Kaynakça Vb Notu Kaynakça: sayfa 183.<br/>
650 #0 - KONU KATMA GİRİŞ - TOPİKAL DÖNEM
9 (RLIN) 7854
Topikal Süreli Veya Coğrafi Ad Giriş Elemanı Çuvaşça edebiyatı
856 ## - ELEKTRONİK YER VE ERİŞİM
Kamu Notu Dijital Nüshası için Partimizin Kütüphane Sorumlusu ile iletişime geçiniz.
942 ## - EKLENDİ GİRİŞ ELEMANLARI (KOHA)
Sınıflandırma Veya Raf Düzeni Kaynak Dewey Decimal Classification
Koha Öğesi Türü Books
Holdings
Kalıcı Konum Mevcut Konum Edinme Tarihi Toplam Check-Out'Lar Tam Çağrı Numarası Barkod Tarih Son Görülme İtibaren Geçerli Fiyatlar Koha Öğesi Türü
CHP Kütüphanesi CHP Kütüphanesi 03/22/2024   398.2 Ç88 2020 21679 03/22/2024 03/22/2024 Books